000 00828nam a2200265 a 4500
001 000023191
003 DO-SdBNP
005 20241011122620.0
007 000023191
008 101130s1986 sp ac r 000 f spa d
020 _a8476347804
040 _aBPMSU
_bspa
_cBPMSU
082 4 _a843.8
_bV531J 1986
_222
100 1 _aVerne, Julio,
_d1828-1905.
245 1 0 _aJulio Verne :
_bDe la tierra a la luna /
_cJulio Verne ; traducción D. A. Ribot y Frontseré
260 _aBarcelona :
_bEdiciones Orbis,
_c1986
300 _a209 p. :
_bil. ;
_c21 cm.
490 0 _aJulio Verne,
_v6
590 _aInventariado, 2024/VM
650 4 _aNovela juvenil francesa
650 4 _aLiteratura junvenil francesa
700 1 _aRibot y Fontseré, D. A.
_etraductora
910 _aVMateo V. Control de calidad. BPMSU
942 _2ddc
_cBK
999 _c8857
_d8857